Online
Catalog

Cómo ganar dinero en internet / (Record no. 44069)

MARC details
000 -CABECERA
campo de control de longitud fija 00795nam a2200205 a 4500
001 - NÚMERO DE CONTROL
campo de control 000044580
005 - FECHA Y HORA DE LA ÚLTIMA TRANSACCIÓN
campo de control 20201002045457.0
008 - DATOS DE LONGITUD FIJA--INFORMACIÓN GENERAL
campo de control de longitud fija 140718s2000 sp a 000 0 spa d
020 ## - NÚMERO INTERNACIONAL ESTÁNDAR DEL LIBRO
Número Internacional Estándar del Libro 8479275006
040 ## - FUENTE DE LA CATALOGACIÓN
Centro catalogador/agencia de origen DO-SdBNP
Lengua de catalogación spa
Centro/agencia transcriptor BNPHU
100 1# - ENTRADA PRINCIPAL--NOMBRE DE PERSONA
Nombre de persona Kelly, Jason
9 (RLIN) 72606
245 10 - MENCIÓN DE TÍTULO
Título Cómo ganar dinero en internet /
Mención de responsabilidad, etc. Jason Kelly ; traducción de David Zurdo y Ángel Gutiérrez.
260 ## - PUBLICACIÓN, DISTRIBUCIÓN, ETC.
Lugar de publicación, distribución, etc. Barcelona :
Nombre del editor, distribuidor, etc. Victor [Robinbook],
Fecha de publicación, distribución, etc. 2000.
300 ## - DESCRIPCIÓN FÍSICA
Extensión 253 p. :
Otras características físicas il. ;
Dimensiones 20 cm.
490 1# - MENCIÓN DE SERIE
Mención de serie Eficacia empresarial-profesional
500 ## - NOTA GENERAL
Nota general Subtítulo de la cubierta: Guía para hacer negocios en la red. Incluye las direcciones de los sitios web más útiles
700 1# - PUNTO DE ACCESO ADICIONAL--NOMBRE DE PERSONA
Nombre de persona Zurdo, David
Término indicativo de función/relación tr.
9 (RLIN) 72607
700 1# - PUNTO DE ACCESO ADICIONAL--NOMBRE DE PERSONA
Nombre de persona Gutiérrez, Ángel
Término indicativo de función/relación tr.
9 (RLIN) 14748
830 #0 - PUNTO DE ACCESO ADICIONAL DE SERIE-TÍTULO UNIFORME
Título uniforme Eficacia empresarial-profesional
9 (RLIN) 72608
Holdings
Estado de retiro Estado de pérdida Restricciones de uso No para préstamo Código de colección Localización permanente Ubicación/localización actual Ubicación en estantería Fecha de adquisición Número de inventario Total de préstamos Signatura topográfica completa Código de barras Fecha visto por última vez Precio válido a partir de Tipo de ítem Koha
      Excluido de préstamo Monografías: Libros y Folletos General General En catalogación 18.07.2014 LF1   44580-10 25.06.2020 25.06.2020 No se presta

Powered by Koha